[Event "EYCC 2024 - O10"]
[Site "?"]
[Date "2024.08.31"]
[Round "9.1"]
[White "Li, Yunqi"]
[Black "Uzdemir, Ali Poyraz"]
[Result "1/2-1/2"]
[BlackElo "2008"]
[WhiteElo "1968"]
[LiveChessVersion "1.4.8"]

1. d4 {[%clk 1:30:56]} Nf6 {[%clk 1:30:56]} 2. Nf3 {[%clk 1:31:17]} e6
{[%clk 1:31:20]} 3. c4 {[%clk 1:31:40]} b6 {[%clk 1:31:46]} 4. a3
{[%clk 1:31:48]} Bb7 {[%clk 1:32:00]} 5. Nc3 {[%clk 1:31:57]} d5 {[%clk 1:30:53]}
6. Bg5 {[%clk 1:31:31]} Be7 {[%clk 1:27:44]} 7. cxd5 {[%clk 1:31:27]} Nxd5
{[%clk 1:04:50]} 8. Bxe7 {[%clk 1:29:57]} Qxe7 {[%clk 1:05:11]} 9. e3
{[%clk 1:27:27]} Nxc3 {[%clk 0:57:00]} 10. bxc3 {[%clk 1:27:34]} O-O
{[%clk 0:57:20]} 11. Bd3 {[%clk 1:26:35]} Nd7 {[%clk 0:57:00]} 12. O-O
{[%clk 1:21:39]} c5 {[%clk 0:42:02]} 1/2-1/2

[Event "EYCC 2024 - O10"]
[Site "?"]
[Date "2024.08.31"]
[Round "9.2"]
[White "Kolodziejczyk, Boris"]
[Black "Dayal, Samar"]
[Result "1-0"]
[BlackElo "1721"]
[WhiteElo "1983"]
[LiveChessVersion "1.4.8"]

1. e4 {[%clk 1:30:57]} c5 {[%clk 1:30:58]} 2. Nf3 {[%clk 1:31:21]} d6
{[%clk 1:31:27]} 3. Bb5+ {[%clk 1:31:38]} Bd7 {[%clk 1:31:54]} 4. Bxd7+
{[%clk 1:31:56]} Qxd7 {[%clk 1:32:21]} 5. O-O {[%clk 1:32:16]} Nf6
{[%clk 1:32:48]} 6. Re1 {[%clk 1:32:41]} Nc6 {[%clk 1:33:14]} 7. c3
{[%clk 1:33:02]} O-O-O {[%clk 1:22:13]} 8. d4 {[%clk 1:30:27]} cxd4
{[%clk 1:18:07]} 9. cxd4 {[%clk 1:30:09]} d5 {[%clk 1:18:36]} 10. e5
{[%clk 1:29:59]} Ne4 {[%clk 1:19:05]} 11. Nbd2 {[%clk 1:29:07]} f5
{[%clk 1:18:59]} 12. exf6 {[%clk 1:26:21]} Nxd2 13. Bxd2 {[%clk 1:24:46]} exf6
{[%clk 1:14:21]} 14. Qa4 {[%clk 1:17:06]} Bd6 {[%clk 0:54:44]} 15. Rec1
{[%clk 1:08:55]} g5 {[%clk 0:53:55]} 16. Qxa7 {[%clk 1:08:20]} g4
{[%clk 0:52:22]} 17. Qa8+ {[%clk 1:07:31]} Bb8 {[%clk 0:52:35]} 18. Bf4
{[%clk 1:07:44]} Qc7 {[%clk 0:47:10]} 19. Bxc7 {[%clk 1:08:02]} Kxc7
{[%clk 0:47:38]} 20. Nh4 {[%clk 1:08:09]} Kb6 {[%clk 0:47:59]} 21. Qa4
{[%clk 1:08:15]} Bf4 {[%clk 0:47:30]} 22. Rc2 {[%clk 1:07:24]} Bd6
{[%clk 0:46:18]} 23. Nf5 {[%clk 1:07:36]} Bf4 {[%clk 0:46:15]} 24. g3
{[%clk 1:07:27]} Bg5 {[%clk 0:46:42]} 25. Rc5 {[%clk 1:05:42]} Rd7
{[%clk 0:46:33]} 26. Qb5+ {[%clk 1:04:57]} Kc7 {[%clk 0:46:50]} 27. Re1
{[%clk 1:05:05]} Ra8 {[%clk 0:47:09]} 28. Re7 {[%clk 1:04:31]} Rb8
{[%clk 0:46:28]} 29. Rxd5 {[%clk 1:04:24]} Rxe7 {[%clk 0:46:26]} 30. Nxe7
{[%clk 1:04:44]} Re8 {[%clk 0:46:15]} 31. Nxc6 {[%clk 1:04:54]} Re1+
{[%clk 0:46:39]} 32. Kg2 {[%clk 1:05:23]} bxc6 {[%clk 0:47:08]} 33. Qa5+
{[%clk 1:05:42]} Kc8 {[%clk 0:47:36]} 34. Rd8+ Kb7 35. Rd7+ {[%clk 1:06:32]} Kc8
{[%clk 0:48:35]} 36. Qc7# {[%clk 1:07:01]} 1-0

[Event "EYCC 2024 - O10"]
[Site "?"]
[Date "2024.08.31"]
[Round "9.3"]
[White "Zhang, Junyi"]
[Black "Llari, Marc"]
[Result "0-1"]
[BlackElo "2224"]
[WhiteElo "1936"]
[LiveChessVersion "1.4.8"]

1. e4 {[%clk 1:29:43]} e6 {[%clk 1:30:56]} 2. d4 {[%clk 1:30:09]} d5
{[%clk 1:31:22]} 3. e5 {[%clk 1:30:34]} c5 {[%clk 1:31:48]} 4. c3
{[%clk 1:30:58]} Nc6 {[%clk 1:32:15]} 5. Nf3 {[%clk 1:31:23]} Qb6
{[%clk 1:32:40]} 6. a3 {[%clk 1:31:32]} c4 {[%clk 1:33:04]} 7. Nbd2
{[%clk 1:31:51]} Na5 {[%clk 1:33:29]} 8. g3 {[%clk 1:32:17]} Bd7 {[%clk 1:33:50]}
9. h4 {[%clk 1:32:42]} O-O-O {[%clk 1:34:12]} 10. Bh3 {[%clk 1:32:58]} f5
{[%clk 1:34:31]} 11. Rb1 {[%clk 1:24:53]} Be7 {[%clk 1:32:38]} 12. Nf1
{[%clk 1:21:38]} Bxa3 {[%clk 1:30:40]} 13. b4 {[%clk 1:13:38]} Bxc1 14. Qxc1
{[%clk 1:13:31]} Nc6 {[%clk 1:28:21]} 15. Ng5 {[%clk 1:13:20]} Nh6
{[%clk 1:27:10]} 16. f4 {[%clk 1:11:27]} Rdf8 {[%clk 1:27:08]} 17. Ne3
{[%clk 1:11:21]} a6 {[%clk 1:26:48]} 18. O-O {[%clk 1:09:07]} Na7
{[%clk 1:26:51]} 19. Qd2 {[%clk 1:09:08]} Nb5 {[%clk 1:26:44]} 20. Ra1
{[%clk 1:09:28]} Qd8 {[%clk 1:26:49]} 21. Rfe1 {[%clk 1:06:53]} Nc7
{[%clk 1:26:13]} 22. Qa2 {[%clk 1:03:00]} Kb8 {[%clk 1:25:35]} 23. Qb2
{[%clk 0:29:40]} Nf7 {[%clk 1:24:28]} 24. Nf3 {[%clk 0:29:34]} Qe7
{[%clk 1:22:49]} 25. Kf2 {[%clk 0:28:45]} g6 {[%clk 1:22:34]} 26. Rh1
{[%clk 0:20:12]} h6 {[%clk 1:22:33]} 27. Rag1 {[%clk 0:18:22]} g5
{[%clk 1:22:12]} 28. hxg5 {[%clk 0:18:46]} hxg5 {[%clk 1:22:37]} 29. Bf1
{[%clk 0:19:12]} gxf4 {[%clk 1:22:25]} 30. gxf4 {[%clk 0:19:34]} Rxh1
{[%clk 1:22:41]} 31. Rxh1 {[%clk 0:19:58]} Rh8 {[%clk 1:23:06]} 32. Rxh8+
{[%clk 0:18:54]} Nxh8 {[%clk 1:23:28]} 33. Ke1 {[%clk 0:19:21]} Ng6
{[%clk 1:23:35]} 34. Qh2 {[%clk 0:19:36]} Nb5 {[%clk 1:23:30]} 35. Kd2
{[%clk 0:18:03]} a5 {[%clk 1:22:25]} 36. Nc2 {[%clk 0:17:47]} b6 {[%clk 1:21:08]}
37. Qh6 {[%clk 0:17:48]} Be8 {[%clk 1:20:40]} 38. Be2 {[%clk 0:15:29]} Kc8
{[%clk 1:20:07]} 39. Nfe1 {[%clk 0:14:23]} axb4 {[%clk 1:20:24]} 40. Nxb4
{[%clk 0:14:45]} Nxd4 {[%clk 1:19:56]} 41. Nec2 {[%clk 0:14:28]} Nb3+
{[%clk 1:19:30]} 42. Ke1 {[%clk 0:14:06]} Qh4+ {[%clk 1:19:50]} 43. Qxh4
{[%clk 0:14:25]} Nxh4 {[%clk 1:20:15]} 44. Ne3 {[%clk 0:14:44]} Ng6
{[%clk 1:20:06]} 45. Bh5 {[%clk 0:14:17]} Kd8 {[%clk 1:19:32]} 46. Bxg6
{[%clk 0:14:35]} Bxg6 {[%clk 1:19:56]} 47. Nec2 {[%clk 0:14:40]} b5
{[%clk 1:18:35]} 48. Nc6+ {[%clk 0:13:30]} Kc7 {[%clk 1:18:47]} 49. N6d4
{[%clk 0:13:47]} Nc5 {[%clk 1:18:44]} 50. Ke2 {[%clk 0:12:04]} Bh5+
{[%clk 1:19:02]} 51. Ke3 {[%clk 0:12:25]} Kb6 {[%clk 1:19:10]} 52. Nb4
{[%clk 0:12:22]} Ka5 {[%clk 1:17:53]} 53. Nbc6+ {[%clk 0:10:59]} Ka4
{[%clk 1:17:19]} 54. Nd8 {[%clk 0:11:09]} Ne4 {[%clk 1:16:30]} 55. N8xe6
{[%clk 0:09:57]} Nxc3 {[%clk 1:16:40]} 56. Ng7 {[%clk 0:10:15]} Bg6
{[%clk 1:16:26]} 57. Ngxf5 {[%clk 0:08:59]} b4 {[%clk 1:16:38]} 58. Kd2
{[%clk 0:08:19]} Ne4+ {[%clk 1:16:48]} 59. Kc1 {[%clk 0:08:41]} b3
{[%clk 1:16:46]} 60. Nh4 {[%clk 0:06:56]} Ka3 {[%clk 1:15:36]} 61. Nc2+
{[%clk 0:05:25]} bxc2 {[%clk 1:14:37]} 62. Nxg6 {[%clk 0:05:02]} d4
{[%clk 1:14:28]} 63. e6 {[%clk 0:04:20]} d3 {[%clk 1:14:48]} 64. Ne5
{[%clk 0:03:42]} Kb3 {[%clk 1:15:10]} 65. Nf3 {[%clk 0:03:50]} d2+
{[%clk 1:15:27]} 66. Nxd2+ {[%clk 0:04:08]} Nxd2 {[%clk 1:15:52]} 67. e7
{[%clk 0:04:32]} Kc3 {[%clk 1:16:18]} 0-1

[Event "EYCC 2024 - O10"]
[Site "?"]
[Date "2024.08.31"]
[Round "9.4"]
[White "Larion, Iustin"]
[Black "Wu, Chenshan"]
[Result "1-0"]
[BlackElo "1976"]
[WhiteElo "1902"]
[LiveChessVersion "1.4.8"]

1. d4 {[%clk 1:30:30]} Nf6 {[%clk 1:30:11]} 2. Nf3 {[%clk 1:30:30]} g6
{[%clk 1:30:25]} 3. Nbd2 {[%clk 1:29:23]} d5 {[%clk 1:27:21]} 4. e3
{[%clk 1:29:47]} Bg7 {[%clk 1:27:37]} 5. b4 {[%clk 1:30:13]} O-O {[%clk 1:27:18]}
6. c4 {[%clk 1:29:33]} Bg4 {[%clk 1:15:17]} 7. Bb2 {[%clk 1:22:18]} Nbd7
{[%clk 1:06:23]} 8. Rc1 {[%clk 1:16:22]} Re8 {[%clk 1:01:22]} 9. Be2
{[%clk 1:08:07]} e6 {[%clk 0:47:29]} 10. h3 {[%clk 1:03:47]} Bxf3
{[%clk 0:47:39]} 11. Nxf3 {[%clk 1:03:47]} c6 {[%clk 0:42:55]} 12. O-O
{[%clk 1:03:21]} Ne4 {[%clk 0:36:27]} 13. a4 {[%clk 1:01:47]} f5 {[%clk 0:27:21]}
14. b5 {[%clk 0:48:44]} g5 {[%clk 0:20:19]} 15. Nd2 {[%clk 0:43:33]} Nxd2
{[%clk 0:17:08]} 16. Qxd2 {[%clk 0:43:56]} Nf6 {[%clk 0:14:49]} 17. Bd3
{[%clk 0:34:42]} g4 {[%clk 0:12:02]} 18. hxg4 {[%clk 0:29:39]} Nxg4
{[%clk 0:09:49]} 19. f3 {[%clk 0:25:36]} Nf6 {[%clk 0:07:22]} 20. bxc6
{[%clk 0:25:12]} bxc6 {[%clk 0:07:37]} 21. cxd5 {[%clk 0:24:06]} cxd5
{[%clk 0:08:00]} 22. Bb5 {[%clk 0:22:52]} Re7 {[%clk 0:06:14]} 23. Bc3
{[%clk 0:21:30]} Rf7 {[%clk 0:02:05]} 24. Ba5 {[%clk 0:20:21]} Qd6
{[%clk 0:00:55]} 25. Rc6 {[%clk 0:19:37]} Qg3 {[%clk 0:00:37]} 26. Rfc1
{[%clk 0:14:59]} f4 {[%clk 0:00:40]} 27. Bc7 {[%clk 0:12:18]} fxe3
{[%clk 0:00:44]} 28. Qxe3 {[%clk 0:11:48]} Qh4 {[%clk 0:00:35]} 29. Bd6
{[%clk 0:09:59]} Bh6 {[%clk 0:00:35]} 30. f4 {[%clk 0:07:59]} Ne4
{[%clk 0:00:36]} 31. Rc8+ {[%clk 0:07:00]} Rxc8 {[%clk 0:00:55]} 32. Rxc8+
{[%clk 0:07:24]} Bf8 {[%clk 0:00:40]} 33. Be5 {[%clk 0:04:53]} Rf5
{[%clk 0:00:39]} 34. Bd7 {[%clk 0:04:08]} Kf7 {[%clk 0:00:33]} 35. Qh3
{[%clk 0:01:07]} Qf2+ {[%clk 0:00:32]} 36. Kh2 {[%clk 0:01:11]} h6
{[%clk 0:00:32]} 37. Bxe6+ {[%clk 0:00:56]} Kxe6 {[%clk 0:00:48]} 38. Rxf8
{[%clk 0:01:19]} Qg3+ {[%clk 0:00:32]} 39. Qxg3 {[%clk 0:01:44]} Nxg3
{[%clk 0:00:58]} 40. Re8+ {[%clk 0:01:49]} Kd7 {[%clk 0:00:32]} 41. Ra8
{[%clk 0:02:07]} Ne4 {[%clk 0:00:43]} 42. g4 {[%clk 0:02:08]} Rf7
{[%clk 0:00:55]} 43. Rxa7+ {[%clk 0:02:29]} Ke8 {[%clk 0:01:17]} 44. Rxf7
{[%clk 0:02:28]} Kxf7 {[%clk 0:01:41]} 45. a5 {[%clk 0:02:41]} Nd2 46. a6 Nc4 47.
Bc7 Ne5 48. Bxe5 1-0

[Event "EYCC 2024 - O10"]
[Site "?"]
[Date "2024.08.31"]
[Round "9.5"]
[White "Perez Solanas, Hugo"]
[Black "Orman, Attila"]
[Result "1/2-1/2"]
[BlackElo "2090"]
[WhiteElo "1818"]
[LiveChessVersion "1.4.8"]

1. e4 {[%clk 1:30:59]} c5 {[%clk 1:30:54]} 2. Nf3 {[%clk 1:31:21]} d6
{[%clk 1:31:14]} 3. d4 {[%clk 1:31:45]} cxd4 {[%clk 1:31:38]} 4. Qxd4
{[%clk 1:32:04]} Nc6 {[%clk 1:31:52]} 5. Bb5 {[%clk 1:32:26]} Bd7
{[%clk 1:32:17]} 6. Bxc6 {[%clk 1:32:45]} Bxc6 {[%clk 1:32:40]} 7. Nc3
{[%clk 1:33:04]} e5 {[%clk 1:32:24]} 8. Qd3 {[%clk 1:33:24]} Nf6 {[%clk 1:32:48]}
9. Bg5 {[%clk 1:33:31]} Be7 {[%clk 1:31:38]} 10. O-O-O {[%clk 1:33:30]} O-O
{[%clk 1:24:40]} 11. Bxf6 {[%clk 1:33:36]} Bxf6 {[%clk 1:25:05]} 12. Kb1
{[%clk 1:27:39]} Qb6 {[%clk 1:24:44]} 13. Qe2 {[%clk 1:24:43]} Rfd8
{[%clk 1:23:42]} 14. Nd5 {[%clk 1:24:20]} Bxd5 {[%clk 1:23:18]} 15. Rxd5
{[%clk 1:24:41]} Rac8 {[%clk 1:22:38]} 16. Rhd1 {[%clk 1:24:32]} Rc6
{[%clk 1:20:50]} 17. R1d2 {[%clk 1:10:16]} Be7 {[%clk 1:15:17]} 18. Qb5
{[%clk 1:06:21]} Qc7 {[%clk 1:11:53]} 19. Qd3 {[%clk 1:05:32]} f6
{[%clk 1:09:09]} 20. Nh4 {[%clk 1:03:38]} Bf8 {[%clk 1:06:43]} 21. Nf5
{[%clk 1:00:57]} g6 {[%clk 1:05:35]} 22. Nh4 {[%clk 0:51:57]} Rc8
{[%clk 1:03:55]} 23. g3 {[%clk 0:49:07]} Bh6 {[%clk 0:59:15]} 24. Re2
{[%clk 0:48:15]} Kh8 {[%clk 0:56:37]} 25. Ng2 {[%clk 0:48:05]} Qb6
{[%clk 0:55:01]} 26. h4 {[%clk 0:46:22]} a5 {[%clk 0:52:41]} 27. h5
{[%clk 0:43:54]} a4 {[%clk 0:50:52]} 28. a3 {[%clk 0:43:23]} Kg7 {[%clk 0:47:36]}
29. hxg6 {[%clk 0:42:20]} hxg6 {[%clk 0:47:35]} 30. Nh4 Bg5 {[%clk 0:42:26]} 31.
Ng2 {[%clk 0:38:09]} Bh6 {[%clk 0:40:01]} 32. Nh4 {[%clk 0:34:00]} Bg5
{[%clk 0:39:41]} 33. Ng2 {[%clk 0:33:28]} 1/2-1/2

[Event "EYCC 2024 - O10"]
[Site "?"]
[Date "2024.08.31"]
[Round "9.6"]
[White "Ivanovic, Leonid"]
[Black "Aghajanov, Eldar"]
[Result "1-0"]
[BlackElo "1667"]
[WhiteElo "2006"]
[LiveChessVersion "1.4.8"]

1. d4 {[%clk 1:30:40]} Nf6 {[%clk 1:30:45]} 2. c4 {[%clk 1:30:32]} e6
{[%clk 1:31:12]} 3. Nf3 {[%clk 1:30:43]} d5 {[%clk 1:31:31]} 4. Nc3
{[%clk 1:30:45]} Bb4 {[%clk 1:30:59]} 5. Bg5 {[%clk 1:29:12]} O-O
{[%clk 1:29:38]} 6. a3 {[%clk 1:25:43]} Be7 {[%clk 1:28:39]} 7. e3
{[%clk 1:25:11]} b6 {[%clk 1:25:59]} 8. cxd5 {[%clk 1:20:18]} exd5
{[%clk 1:25:47]} 9. Bd3 {[%clk 1:19:50]} Bg4 {[%clk 1:25:20]} 10. h3
{[%clk 1:19:17]} Bh5 {[%clk 1:24:42]} 11. Qc2 {[%clk 1:18:09]} Bg6
{[%clk 1:21:36]} 12. Bxg6 {[%clk 1:15:29]} hxg6 {[%clk 1:21:12]} 13. Ne5
{[%clk 1:14:46]} c6 {[%clk 1:18:47]} 14. O-O {[%clk 1:14:33]} Nfd7
{[%clk 1:18:13]} 15. Bxe7 {[%clk 1:14:22]} Qxe7 {[%clk 1:18:36]} 16. Nxc6
{[%clk 1:12:43]} Nxc6 {[%clk 1:18:04]} 17. Nxd5 {[%clk 1:13:06]} Qe6
{[%clk 1:15:06]} 18. Qxc6 {[%clk 1:11:02]} Qxc6 {[%clk 1:14:37]} 19. Ne7+
{[%clk 1:11:26]} Kh7 {[%clk 1:14:59]} 20. Nxc6 {[%clk 1:11:51]} Rfc8
{[%clk 1:15:13]} 21. Rac1 {[%clk 1:12:15]} Nf6 {[%clk 1:14:46]} 22. Ne5
{[%clk 1:11:14]} Kg8 {[%clk 1:15:08]} 23. Rfd1 {[%clk 1:11:11]} Nd5
{[%clk 1:14:47]} 24. e4 {[%clk 1:11:06]} Nf4 {[%clk 1:15:09]} 25. Kf1
{[%clk 1:11:16]} f6 {[%clk 1:13:23]} 26. Nc6 {[%clk 1:11:14]} Rc7
{[%clk 1:13:37]} 27. d5 {[%clk 1:11:23]} Re8 {[%clk 1:13:32]} 28. g3
{[%clk 1:10:20]} Nxh3 {[%clk 1:12:38]} 29. d6 {[%clk 1:10:06]} Rd7
{[%clk 1:13:02]} 30. f4 {[%clk 1:09:44]} g5 {[%clk 1:12:42]} 31. Ne7+
{[%clk 1:06:56]} Kf7 {[%clk 1:12:32]} 32. Kg2 {[%clk 1:06:39]} g4
{[%clk 1:11:43]} 33. b4 {[%clk 0:51:55]} a6 {[%clk 1:09:14]} 34. Kf1
{[%clk 0:51:14]} g6 {[%clk 1:08:41]} 35. Ke2 {[%clk 0:50:22]} f5 {[%clk 1:08:41]}
36. e5 {[%clk 0:50:08]} g5 {[%clk 1:08:31]} 37. Ke3 {[%clk 0:49:16]} gxf4+
{[%clk 1:08:23]} 38. gxf4 {[%clk 0:49:39]} Ke6 {[%clk 1:06:35]} 39. Nd5
{[%clk 0:49:28]} g3 {[%clk 1:03:13]} 40. Nc7+ {[%clk 0:47:42]} Rxc7
{[%clk 1:03:22]} 41. dxc7 {[%clk 0:48:02]} Rc8 {[%clk 1:03:22]} 42. Rd8
{[%clk 0:47:57]} g2 {[%clk 1:03:20]} 43. Rxc8 {[%clk 0:48:16]} g1=Q+
{[%clk 1:03:42]} 44. Rxg1 {[%clk 0:48:39]} Nxg1 {[%clk 1:04:08]} 45. Re8+
{[%clk 0:49:00]} 1-0

[Event "EYCC 2024 - O10"]
[Site "?"]
[Date "2024.08.31"]
[Round "9.7"]
[White "Koyunoglu, Omer Alp"]
[Black "Steinbrenner, Peter"]
[Result "1-0"]
[BlackElo "1951"]
[WhiteElo "1767"]
[LiveChessVersion "1.4.8"]

1. e4 {[%clk 1:30:15]} c5 {[%clk 1:30:50]} 2. Nf3 {[%clk 1:30:30]} d6
{[%clk 1:31:12]} 3. Bb5+ {[%clk 1:30:40]} Bd7 {[%clk 1:31:25]} 4. Bxd7+
{[%clk 1:31:00]} Qxd7 {[%clk 1:31:40]} 5. c4 {[%clk 1:31:10]} Nf6
{[%clk 1:31:34]} 6. Nc3 {[%clk 1:30:30]} g6 {[%clk 1:31:04]} 7. d4
{[%clk 1:30:30]} cxd4 {[%clk 1:31:10]} 8. Nxd4 {[%clk 1:30:20]} Bg7
{[%clk 1:30:46]} 9. f3 {[%clk 1:28:27]} Nc6 {[%clk 1:26:33]} 10. Be3
{[%clk 1:28:20]} Rc8 {[%clk 1:25:18]} 11. b3 {[%clk 1:26:29]} O-O
{[%clk 1:23:31]} 12. Qd3 {[%clk 1:21:26]} Rfd8 {[%clk 1:17:22]} 13. Rd1
{[%clk 0:56:08]} e6 {[%clk 1:04:21]} 14. Nc2 {[%clk 0:46:42]} Ne5
{[%clk 0:41:58]} 15. Qd2 {[%clk 0:44:24]} b6 {[%clk 0:32:53]} 16. O-O
{[%clk 0:41:50]} Qb7 17. Bg5 {[%clk 0:36:39]} Rd7 {[%clk 0:23:24]} 18. f4
{[%clk 0:31:45]} Nc6 {[%clk 0:22:47]} 19. f5 {[%clk 0:30:07]} exf5
{[%clk 0:19:45]} 20. exf5 {[%clk 0:30:18]} Ne8 {[%clk 0:18:08]} 21. Nd5
{[%clk 0:27:38]} Ne5 {[%clk 0:15:37]} 22. f6 {[%clk 0:19:53]} Bh8
{[%clk 0:13:51]} 23. Nd4 {[%clk 0:14:28]} Rxc4 {[%clk 0:12:34]} 24. bxc4
{[%clk 0:14:05]} Nxc4 {[%clk 0:12:59]} 25. Qe2 {[%clk 0:14:19]} Ne5
{[%clk 0:12:44]} 26. Nf3 {[%clk 0:13:57]} 1-0

[Event "EYCC 2024 - O10"]
[Site "?"]
[Date "2024.08.31"]
[Round "9.8"]
[White "Chen, Chicheng Leon"]
[Black "Zhang, Yiming"]
[Result "1/2-1/2"]
[BlackElo "1810"]
[WhiteElo "1863"]
[LiveChessVersion "1.4.8"]

1. e4 {[%clk 1:30:59]} c5 {[%clk 1:30:35]} 2. Nf3 {[%clk 1:31:16]} d6
{[%clk 1:30:56]} 3. d4 {[%clk 1:31:38]} cxd4 {[%clk 1:31:23]} 4. Nxd4
{[%clk 1:32:01]} Nf6 {[%clk 1:31:45]} 5. Nc3 {[%clk 1:32:18]} a6 {[%clk 1:32:08]}
6. h3 {[%clk 1:32:33]} e5 {[%clk 1:32:25]} 7. Nb3 {[%clk 1:32:47]} Be7
{[%clk 1:31:11]} 8. Be3 {[%clk 1:33:07]} Be6 {[%clk 1:31:25]} 9. f4
{[%clk 1:33:31]} exf4 {[%clk 1:26:02]} 10. Bxf4 {[%clk 1:33:56]} Nc6
{[%clk 1:26:27]} 11. Qe2 {[%clk 1:34:07]} Ne5 {[%clk 1:24:36]} 12. O-O-O
{[%clk 1:32:56]} Nfd7 {[%clk 1:22:28]} 13. Kb1 {[%clk 1:30:48]} b5
{[%clk 1:20:22]} 14. Nd5 {[%clk 1:26:43]} Bxd5 {[%clk 1:19:09]} 15. exd5
{[%clk 1:24:21]} O-O {[%clk 1:14:07]} 16. g4 {[%clk 1:21:32]} Bg5 17. Bg3
{[%clk 1:15:32]} Bh4 {[%clk 1:05:15]} 18. Bf4 {[%clk 1:08:12]} Bg5
{[%clk 1:03:51]} 19. Bg3 {[%clk 1:02:11]} Bh4 {[%clk 1:03:14]} 20. Bf4
{[%clk 0:58:26]} Bg5 {[%clk 0:45:47]} 1/2-1/2

[Event "EYCC 2024 - O10"]
[Site "?"]
[Date "2024.08.31"]
[Round "9.9"]
[White "Torres, Lucas"]
[Black "Gazic, Petar"]
[Result "1-0"]
[BlackElo "1801"]
[WhiteElo "1861"]
[LiveChessVersion "1.4.8"]

1. e4 {[%clk 1:30:57]} c5 {[%clk 1:30:39]} 2. Nc3 {[%clk 1:31:19]} a6
{[%clk 1:30:52]} 3. g4 {[%clk 1:31:27]} b5 {[%clk 1:29:44]} 4. Bg2
{[%clk 1:31:39]} Bb7 {[%clk 1:30:05]} 5. d3 {[%clk 1:31:54]} e6 {[%clk 1:29:30]}
6. Nh3 {[%clk 1:31:20]} g6 {[%clk 1:24:58]} 7. O-O {[%clk 1:30:17]} Bg7
{[%clk 1:24:59]} 8. f4 {[%clk 1:29:44]} Ne7 {[%clk 1:24:30]} 9. f5
{[%clk 1:15:44]} exf5 {[%clk 1:22:30]} 10. gxf5 {[%clk 1:15:50]} gxf5
{[%clk 1:21:49]} 11. Qh5 {[%clk 1:00:02]} Qb6 {[%clk 1:16:13]} 12. Nd5
{[%clk 0:52:44]} Nxd5 {[%clk 1:14:37]} 13. exd5 {[%clk 0:53:08]} Qg6
{[%clk 1:14:39]} 14. Qe2+ {[%clk 0:51:29]} Kf8 {[%clk 1:13:52]} 15. Bg5
{[%clk 0:43:22]} h6 {[%clk 1:09:17]} 16. Be7+ {[%clk 0:34:30]} Kg8
{[%clk 1:09:38]} 17. Bxc5 {[%clk 0:34:04]} Qf6 {[%clk 1:04:47]} 18. c3
{[%clk 0:26:23]} d6 {[%clk 0:58:24]} 19. Bd4 {[%clk 0:25:59]} Qg6
{[%clk 0:58:38]} 20. Bxg7 {[%clk 0:25:45]} Kxg7 {[%clk 0:58:33]} 21. Rf3 Kh7
{[%clk 0:56:52]} 22. Rg3 {[%clk 0:16:32]} Qf6 {[%clk 0:57:10]} 23. Rf1
{[%clk 0:16:21]} Bc8 {[%clk 0:55:37]} 24. Qh5 {[%clk 0:16:24]} Rg8
{[%clk 0:55:30]} 25. Be4 {[%clk 0:11:07]} Rxg3+ {[%clk 0:55:35]} 26. hxg3
{[%clk 0:11:35]} Qg6 {[%clk 0:53:44]} 27. Bxf5 {[%clk 0:11:32]} Bxf5
{[%clk 0:54:02]} 28. Qxf5 {[%clk 0:11:59]} Qxf5 {[%clk 0:53:59]} 29. Rxf5
{[%clk 0:12:27]} Kg6 {[%clk 0:54:17]} 30. g4 {[%clk 0:11:10]} Nd7
{[%clk 0:53:35]} 31. d4 {[%clk 0:09:52]} a5 {[%clk 0:48:00]} 32. Nf4+
{[%clk 0:08:15]} Kg7 {[%clk 0:48:23]} 33. Nh5+ {[%clk 0:07:22]} Kg6
{[%clk 0:48:26]} 34. Nf4+ {[%clk 0:07:08]} Kg7 {[%clk 0:48:47]} 35. g5
{[%clk 0:06:28]} hxg5 {[%clk 0:47:44]} 36. Rxg5+ {[%clk 0:06:57]} Kf6
{[%clk 0:48:06]} 37. Rg2 {[%clk 0:06:48]} Kf5 {[%clk 0:48:16]} 38. Rf2
{[%clk 0:06:14]} Ke4 {[%clk 0:42:44]} 39. Kf1 {[%clk 0:04:35]} Nb6
{[%clk 0:42:11]} 40. Ke2 {[%clk 0:02:48]} Ra7 {[%clk 0:41:26]} 41. Nh5
{[%clk 0:01:39]} Nxd5 {[%clk 0:37:13]} 42. Ng3# {[%clk 0:01:58]} 1-0

[Event "EYCC 2024 - O10"]
[Site "?"]
[Date "2024.08.31"]
[Round "9.10"]
[White "Nakonechnyi, Oleksii"]
[Black "Melkonyan, Davit"]
[Result "1-0"]
[BlackElo "1655"]
[WhiteElo "1891"]
[LiveChessVersion "1.4.8"]

1. d4 {[%clk 1:30:57]} Nf6 {[%clk 1:30:54]} 2. g3 {[%clk 1:31:12]} d5
{[%clk 1:30:49]} 3. Bg2 {[%clk 1:31:37]} c6 {[%clk 1:30:17]} 4. Nf3
{[%clk 1:31:57]} Bf5 {[%clk 1:30:21]} 5. O-O {[%clk 1:32:07]} e6 {[%clk 1:29:57]}
6. c4 {[%clk 1:32:12]} h6 {[%clk 1:18:07]} 7. Nc3 {[%clk 1:31:55]} Be7
{[%clk 1:15:28]} 8. Qb3 {[%clk 1:31:40]} b6 {[%clk 1:02:18]} 9. Ne5
{[%clk 1:31:14]} Nfd7 {[%clk 0:58:29]} 10. cxd5 {[%clk 1:30:31]} Nxe5
{[%clk 0:52:10]} 11. dxe5 {[%clk 1:29:13]} cxd5 {[%clk 0:52:13]} 12. e4
{[%clk 1:28:54]} dxe4 {[%clk 0:52:10]} 13. Nxe4 {[%clk 1:27:44]} Nd7
{[%clk 0:51:06]} 14. Rd1 {[%clk 1:20:39]} Rc8 {[%clk 0:49:48]} 15. Qa4
{[%clk 1:13:29]} Rc7 {[%clk 0:49:17]} 16. Nd6+ {[%clk 1:10:36]} Bxd6
{[%clk 0:49:27]} 17. exd6 {[%clk 1:08:51]} Rc5 {[%clk 0:46:53]} 18. Qxa7
{[%clk 1:03:19]} O-O {[%clk 0:44:16]} 19. Be3 {[%clk 1:03:14]} Rc2
{[%clk 0:43:03]} 20. b4 {[%clk 1:03:16]} b5 {[%clk 0:39:52]} 21. a4
{[%clk 1:02:20]} bxa4 {[%clk 0:39:58]} 22. Qxa4 {[%clk 1:02:34]} Ne5
{[%clk 0:40:10]} 23. b5 {[%clk 1:00:48]} Nc4 {[%clk 0:40:26]} 24. Qa8
{[%clk 1:00:15]} Nxe3 {[%clk 0:39:55]} 25. Qxd8 {[%clk 0:56:23]} Rxd8
{[%clk 0:40:00]} 26. fxe3 {[%clk 0:56:38]} Rb2 {[%clk 0:39:35]} 27. Bc6
{[%clk 0:54:50]} e5 {[%clk 0:39:07]} 28. Ra7 {[%clk 0:52:19]} Be6
{[%clk 0:38:46]} 29. Ra8 {[%clk 0:45:40]} Rxa8 30. Bxa8 {[%clk 0:45:09]} Rxb5
{[%clk 0:38:51]} 31. d7 {[%clk 0:45:33]} Bxd7 {[%clk 0:39:20]} 32. Rxd7
{[%clk 0:45:56]} Kf8 {[%clk 0:39:36]} 33. e4 {[%clk 0:45:46]} Ke8
{[%clk 0:39:42]} 34. Ra7 {[%clk 0:46:06]} Rb1+ {[%clk 0:39:53]} 35. Kg2
{[%clk 0:45:38]} Rb2+ {[%clk 0:40:13]} 36. Kf3 {[%clk 0:45:32]} Rb1
{[%clk 0:40:34]} 37. Bd5 {[%clk 0:45:53]} Rf1+ {[%clk 0:40:55]} 38. Ke2
{[%clk 0:46:13]} Rf6 {[%clk 0:41:16]} 39. Kd3 {[%clk 0:46:27]} g6
{[%clk 0:41:15]} 40. Kc4 {[%clk 0:46:44]} Kf8 {[%clk 0:41:41]} 41. Kc5
{[%clk 0:46:49]} Kg7 {[%clk 0:41:43]} 42. Re7 {[%clk 0:45:05]} Kf8
{[%clk 0:41:19]} 43. Rc7 {[%clk 0:43:47]} h5 {[%clk 0:41:13]} 44. h4
{[%clk 0:43:22]} Kg7 {[%clk 0:40:55]} 45. Rxf7+ {[%clk 0:42:49]} Rxf7
{[%clk 0:40:47]} 46. Bxf7 {[%clk 0:43:15]} Kxf7 {[%clk 0:40:54]} 47. Kd6
{[%clk 0:43:33]} Kf6 {[%clk 0:41:16]} 48. Kd5 {[%clk 0:43:58]} g5
{[%clk 0:41:42]} 49. Kd6 {[%clk 0:44:19]} gxh4 {[%clk 0:41:59]} 50. gxh4
{[%clk 0:44:47]} Kf7 {[%clk 0:42:19]} 51. Kxe5 {[%clk 0:45:11]} Ke7
{[%clk 0:42:32]} 52. Kf5 {[%clk 0:45:36]} Kd6 {[%clk 0:42:58]} 53. Kf6
{[%clk 0:45:59]} 1-0